Automatické řízení počítačem

Gespeichert in:
Bibliographische Detailangaben
1. Verfasser: Vavřín, Petr
Weitere Verfasser: Zelina, František
Format: Buch
Sprache:Tschechisch
Veröffentlicht: Praha Státní nakladatelství technické literatury 1982
Ausgabe:2. uprav. vyd.
Tags: Tag hinzufügen
Keine Tags, Fügen Sie das erste Tag hinzu!

MARC

LEADER 00000nam a2200000 4500
001 c134851
005 20041019155302.4
041 0 |a cze 
044 |a CZ 
245 1 0 |a Automatické řízení počítačem  |c Petr Vavřín, František Zelina 
250 |a 2. uprav. vyd. 
264 1 |a Praha  |b Státní nakladatelství technické literatury  |c 1982 
300 |a 211 s. 
100 1 |a Vavřín, Petr 
700 1 |a Zelina, František